<?xml version="1.0" encoding="UTF-8"?>
<record
    xmlns:xsi="http://www.w3.org/2001/XMLSchema-instance"
    xsi:schemaLocation="http://www.loc.gov/MARC21/slim http://www.loc.gov/standards/marcxml/schema/MARC21slim.xsd"
    xmlns="http://www.loc.gov/MARC21/slim">

  <leader>00819    a2200265   4500</leader>
  <controlfield tag="001">149505</controlfield>
  <controlfield tag="003">OSt</controlfield>
  <controlfield tag="005">20251209151821.0</controlfield>
  <controlfield tag="008">                                        </controlfield>
  <datafield tag="020" ind1=" " ind2=" ">
    <subfield code="a">9781259028564</subfield>
  </datafield>
  <datafield tag="082" ind1=" " ind2=" ">
    <subfield code="a">004.22</subfield>
    <subfield code="b">H32C</subfield>
  </datafield>
  <datafield tag="100" ind1="1" ind2=" ">
    <subfield code="a">Hayes, John P.</subfield>
  </datafield>
  <datafield tag="245" ind1="1" ind2=" ">
    <subfield code="a">Computer architecture and organization</subfield>
    <subfield code="c">by John P. Hayes</subfield>
  </datafield>
  <datafield tag="250" ind1=" " ind2=" ">
    <subfield code="a">3rd ed.</subfield>
  </datafield>
  <datafield tag="260" ind1=" " ind2=" ">
    <subfield code="a">Chennai</subfield>
    <subfield code="b">McGraw Hill</subfield>
    <subfield code="c">2014 2019</subfield>
  </datafield>
  <datafield tag="300" ind1=" " ind2=" ">
    <subfield code="a">xiv, 604p.</subfield>
    <subfield code="b">Paperback</subfield>
  </datafield>
  <datafield tag="490" ind1=" " ind2=" ">
    <subfield code="a">McGraw Hill series in computer organization and architecture</subfield>
  </datafield>
  <datafield tag="546" ind1=" " ind2=" ">
    <subfield code="a">English</subfield>
  </datafield>
  <datafield tag="650" ind1=" " ind2=" ">
    <subfield code="a">Computer architecture</subfield>
  </datafield>
  <datafield tag="650" ind1=" " ind2=" ">
    <subfield code="a">Electronic digital computers--Design and construction</subfield>
  </datafield>
  <datafield tag="653" ind1=" " ind2=" ">
    <subfield code="a">Computer Science</subfield>
  </datafield>
  <datafield tag="653" ind1=" " ind2=" ">
    <subfield code="a">Computer architecture</subfield>
  </datafield>
  <datafield tag="653" ind1=" " ind2=" ">
    <subfield code="a">Electronic digital computers--Design and construction</subfield>
  </datafield>
  <datafield tag="942" ind1=" " ind2=" ">
    <subfield code="2">ddc</subfield>
    <subfield code="c">BK</subfield>
  </datafield>
  <datafield tag="999" ind1=" " ind2=" ">
    <subfield code="c">13700</subfield>
    <subfield code="d">13700</subfield>
  </datafield>
  <datafield tag="952" ind1=" " ind2=" ">
    <subfield code="0">0</subfield>
    <subfield code="1">0</subfield>
    <subfield code="4">0</subfield>
    <subfield code="7">0</subfield>
    <subfield code="8">TXB</subfield>
    <subfield code="a">CURAJ</subfield>
    <subfield code="b">CURAJ</subfield>
    <subfield code="d">2015-09-11</subfield>
    <subfield code="e">CSC</subfield>
    <subfield code="g">0.00</subfield>
    <subfield code="o">004.22 H32C</subfield>
    <subfield code="p">23167</subfield>
    <subfield code="r">2024-11-21</subfield>
    <subfield code="w">2020-09-02</subfield>
    <subfield code="y">BK</subfield>
  </datafield>
  <datafield tag="952" ind1=" " ind2=" ">
    <subfield code="0">0</subfield>
    <subfield code="1">0</subfield>
    <subfield code="4">0</subfield>
    <subfield code="7">0</subfield>
    <subfield code="8">TXB</subfield>
    <subfield code="a">CURAJ</subfield>
    <subfield code="b">CURAJ</subfield>
    <subfield code="d">2015-09-11</subfield>
    <subfield code="e">CSC</subfield>
    <subfield code="g">0.00</subfield>
    <subfield code="o">004.22 H32C</subfield>
    <subfield code="p">23166</subfield>
    <subfield code="r">2024-11-21</subfield>
    <subfield code="w">2020-09-02</subfield>
    <subfield code="y">BK</subfield>
  </datafield>
  <datafield tag="952" ind1=" " ind2=" ">
    <subfield code="0">0</subfield>
    <subfield code="1">0</subfield>
    <subfield code="4">0</subfield>
    <subfield code="7">0</subfield>
    <subfield code="a">CURAJ</subfield>
    <subfield code="b">CURAJ</subfield>
    <subfield code="d">2016-04-13</subfield>
    <subfield code="l">0</subfield>
    <subfield code="o">004.22 H32C</subfield>
    <subfield code="p">27513</subfield>
    <subfield code="r">2024-11-21</subfield>
    <subfield code="w">2020-09-02</subfield>
    <subfield code="y">BK</subfield>
  </datafield>
  <datafield tag="952" ind1=" " ind2=" ">
    <subfield code="0">0</subfield>
    <subfield code="1">0</subfield>
    <subfield code="4">0</subfield>
    <subfield code="7">0</subfield>
    <subfield code="8">TXB</subfield>
    <subfield code="a">CURAJ</subfield>
    <subfield code="b">CURAJ</subfield>
    <subfield code="d">2015-09-11</subfield>
    <subfield code="e">CSC</subfield>
    <subfield code="g">0.00</subfield>
    <subfield code="o">004.22 H32C</subfield>
    <subfield code="p">23169</subfield>
    <subfield code="r">2024-11-21</subfield>
    <subfield code="w">2020-09-02</subfield>
    <subfield code="y">BK</subfield>
  </datafield>
  <datafield tag="952" ind1=" " ind2=" ">
    <subfield code="0">0</subfield>
    <subfield code="1">0</subfield>
    <subfield code="4">0</subfield>
    <subfield code="7">0</subfield>
    <subfield code="8">TXB</subfield>
    <subfield code="a">CURAJ</subfield>
    <subfield code="b">CURAJ</subfield>
    <subfield code="d">2015-09-11</subfield>
    <subfield code="e">CSC</subfield>
    <subfield code="g">0.00</subfield>
    <subfield code="o">004.22 H32C</subfield>
    <subfield code="p">23168</subfield>
    <subfield code="r">2024-11-21</subfield>
    <subfield code="w">2020-09-02</subfield>
    <subfield code="y">BK</subfield>
  </datafield>
  <datafield tag="952" ind1=" " ind2=" ">
    <subfield code="0">0</subfield>
    <subfield code="1">0</subfield>
    <subfield code="2">ddc</subfield>
    <subfield code="4">0</subfield>
    <subfield code="7">0</subfield>
    <subfield code="8">TXB</subfield>
    <subfield code="a">CURAJ</subfield>
    <subfield code="b">CURAJ</subfield>
    <subfield code="c">CSE</subfield>
    <subfield code="d">2021-02-22</subfield>
    <subfield code="e">Indica Publisher </subfield>
    <subfield code="g">895.00</subfield>
    <subfield code="i">2020-21/0778/05-01-2021</subfield>
    <subfield code="o">004.22 H32C</subfield>
    <subfield code="p">35028</subfield>
    <subfield code="r">2022-05-25</subfield>
    <subfield code="w">2021-02-22</subfield>
    <subfield code="y">BK</subfield>
  </datafield>
  <datafield tag="952" ind1=" " ind2=" ">
    <subfield code="0">0</subfield>
    <subfield code="1">0</subfield>
    <subfield code="2">ddc</subfield>
    <subfield code="4">0</subfield>
    <subfield code="7">0</subfield>
    <subfield code="8">TXB</subfield>
    <subfield code="a">CURAJ</subfield>
    <subfield code="b">CURAJ</subfield>
    <subfield code="c">CSE</subfield>
    <subfield code="d">2021-02-22</subfield>
    <subfield code="e">Indica Publisher </subfield>
    <subfield code="g">895.00</subfield>
    <subfield code="i">2020-21/0778/05-01-2021</subfield>
    <subfield code="o">004.22 H32C</subfield>
    <subfield code="p">35029</subfield>
    <subfield code="r">2021-02-22</subfield>
    <subfield code="w">2021-02-22</subfield>
    <subfield code="y">BK</subfield>
  </datafield>
  <datafield tag="952" ind1=" " ind2=" ">
    <subfield code="0">0</subfield>
    <subfield code="1">0</subfield>
    <subfield code="2">ddc</subfield>
    <subfield code="4">0</subfield>
    <subfield code="7">0</subfield>
    <subfield code="8">TXB</subfield>
    <subfield code="a">CURAJ</subfield>
    <subfield code="b">CURAJ</subfield>
    <subfield code="c">CSE</subfield>
    <subfield code="d">2021-02-22</subfield>
    <subfield code="e">Indica Publisher </subfield>
    <subfield code="g">895.00</subfield>
    <subfield code="i">2020-21/0778/05-01-2021</subfield>
    <subfield code="o">004.22 H32C</subfield>
    <subfield code="p">35030</subfield>
    <subfield code="r">2021-02-22</subfield>
    <subfield code="w">2021-02-22</subfield>
    <subfield code="y">BK</subfield>
  </datafield>
  <datafield tag="952" ind1=" " ind2=" ">
    <subfield code="0">0</subfield>
    <subfield code="1">0</subfield>
    <subfield code="2">ddc</subfield>
    <subfield code="4">0</subfield>
    <subfield code="7">0</subfield>
    <subfield code="8">TXB</subfield>
    <subfield code="a">CURAJ</subfield>
    <subfield code="b">CURAJ</subfield>
    <subfield code="c">CSE</subfield>
    <subfield code="d">2021-02-22</subfield>
    <subfield code="e">Indica Publisher </subfield>
    <subfield code="g">895.00</subfield>
    <subfield code="i">2020-21/0778/05-01-2021</subfield>
    <subfield code="o">004.22 H32C</subfield>
    <subfield code="p">35031</subfield>
    <subfield code="r">2021-02-22</subfield>
    <subfield code="w">2021-02-22</subfield>
    <subfield code="y">BK</subfield>
  </datafield>
  <datafield tag="952" ind1=" " ind2=" ">
    <subfield code="0">0</subfield>
    <subfield code="1">0</subfield>
    <subfield code="2">ddc</subfield>
    <subfield code="4">0</subfield>
    <subfield code="7">0</subfield>
    <subfield code="8">TXB</subfield>
    <subfield code="a">CURAJ</subfield>
    <subfield code="b">CURAJ</subfield>
    <subfield code="c">CSE</subfield>
    <subfield code="d">2021-02-22</subfield>
    <subfield code="e">Indica Publisher </subfield>
    <subfield code="g">895.00</subfield>
    <subfield code="i">2020-21/0778/05-01-2021</subfield>
    <subfield code="l">1</subfield>
    <subfield code="o">004.22 H32C</subfield>
    <subfield code="p">35032</subfield>
    <subfield code="r">2026-03-02</subfield>
    <subfield code="s">2026-02-18</subfield>
    <subfield code="w">2021-02-22</subfield>
    <subfield code="y">BK</subfield>
  </datafield>
  <datafield tag="952" ind1=" " ind2=" ">
    <subfield code="0">0</subfield>
    <subfield code="1">0</subfield>
    <subfield code="2">ddc</subfield>
    <subfield code="4">0</subfield>
    <subfield code="7">0</subfield>
    <subfield code="8">TXB</subfield>
    <subfield code="a">CURAJ</subfield>
    <subfield code="b">CURAJ</subfield>
    <subfield code="c">CSE</subfield>
    <subfield code="d">2021-02-22</subfield>
    <subfield code="e">Indica Publisher </subfield>
    <subfield code="g">895.00</subfield>
    <subfield code="i">2020-21/0778/05-01-2021</subfield>
    <subfield code="o">004.22 H32C</subfield>
    <subfield code="p">35033</subfield>
    <subfield code="r">2022-05-25</subfield>
    <subfield code="w">2021-02-22</subfield>
    <subfield code="y">BK</subfield>
  </datafield>
  <datafield tag="952" ind1=" " ind2=" ">
    <subfield code="0">0</subfield>
    <subfield code="1">0</subfield>
    <subfield code="2">ddc</subfield>
    <subfield code="4">0</subfield>
    <subfield code="7">0</subfield>
    <subfield code="8">TXB</subfield>
    <subfield code="a">CURAJ</subfield>
    <subfield code="b">CURAJ</subfield>
    <subfield code="c">CSE</subfield>
    <subfield code="d">2021-02-22</subfield>
    <subfield code="e">Indica Publisher </subfield>
    <subfield code="g">895.00</subfield>
    <subfield code="i">2020-21/0778/05-01-2021</subfield>
    <subfield code="o">004.22 H32C</subfield>
    <subfield code="p">35034</subfield>
    <subfield code="r">2021-02-22</subfield>
    <subfield code="w">2021-02-22</subfield>
    <subfield code="y">BK</subfield>
  </datafield>
  <datafield tag="952" ind1=" " ind2=" ">
    <subfield code="0">0</subfield>
    <subfield code="1">0</subfield>
    <subfield code="2">ddc</subfield>
    <subfield code="4">0</subfield>
    <subfield code="7">0</subfield>
    <subfield code="8">TXB</subfield>
    <subfield code="a">CURAJ</subfield>
    <subfield code="b">CURAJ</subfield>
    <subfield code="c">CSE</subfield>
    <subfield code="d">2021-02-22</subfield>
    <subfield code="e">Indica Publisher </subfield>
    <subfield code="g">895.00</subfield>
    <subfield code="i">2020-21/0778/05-01-2021</subfield>
    <subfield code="o">004.22 H32C</subfield>
    <subfield code="p">35035</subfield>
    <subfield code="r">2021-02-22</subfield>
    <subfield code="w">2021-02-22</subfield>
    <subfield code="y">BK</subfield>
  </datafield>
  <datafield tag="952" ind1=" " ind2=" ">
    <subfield code="0">0</subfield>
    <subfield code="1">0</subfield>
    <subfield code="2">ddc</subfield>
    <subfield code="4">0</subfield>
    <subfield code="7">0</subfield>
    <subfield code="8">TXB</subfield>
    <subfield code="a">CURAJ</subfield>
    <subfield code="b">CURAJ</subfield>
    <subfield code="c">CSE</subfield>
    <subfield code="d">2021-02-22</subfield>
    <subfield code="e">Indica Publisher </subfield>
    <subfield code="g">895.00</subfield>
    <subfield code="i">2020-21/0778/05-01-2021</subfield>
    <subfield code="l">1</subfield>
    <subfield code="o">004.22 H32C</subfield>
    <subfield code="p">35036</subfield>
    <subfield code="r">2025-02-17</subfield>
    <subfield code="s">2025-02-06</subfield>
    <subfield code="w">2021-02-22</subfield>
    <subfield code="y">BK</subfield>
  </datafield>
  <datafield tag="952" ind1=" " ind2=" ">
    <subfield code="0">0</subfield>
    <subfield code="1">0</subfield>
    <subfield code="2">ddc</subfield>
    <subfield code="4">0</subfield>
    <subfield code="7">0</subfield>
    <subfield code="8">TXB</subfield>
    <subfield code="a">CURAJ</subfield>
    <subfield code="b">CURAJ</subfield>
    <subfield code="c">CSE</subfield>
    <subfield code="d">2021-02-22</subfield>
    <subfield code="e">Indica Publisher </subfield>
    <subfield code="g">895.00</subfield>
    <subfield code="i">2020-21/0778/05-01-2021</subfield>
    <subfield code="o">004.22 H32C</subfield>
    <subfield code="p">35037</subfield>
    <subfield code="r">2021-02-22</subfield>
    <subfield code="w">2021-02-22</subfield>
    <subfield code="y">BK</subfield>
  </datafield>
  <datafield tag="952" ind1=" " ind2=" ">
    <subfield code="0">0</subfield>
    <subfield code="1">0</subfield>
    <subfield code="2">ddc</subfield>
    <subfield code="4">0</subfield>
    <subfield code="7">0</subfield>
    <subfield code="8">TXB</subfield>
    <subfield code="a">CURAJ</subfield>
    <subfield code="b">CURAJ</subfield>
    <subfield code="c">CSE</subfield>
    <subfield code="d">2021-03-19</subfield>
    <subfield code="e">Indica Publisher </subfield>
    <subfield code="g">895.00</subfield>
    <subfield code="i">2020-21/0940/27-01-2021</subfield>
    <subfield code="o">004.22 H32C</subfield>
    <subfield code="p">35252</subfield>
    <subfield code="r">2021-03-19</subfield>
    <subfield code="w">2021-03-19</subfield>
    <subfield code="y">BK</subfield>
  </datafield>
  <datafield tag="952" ind1=" " ind2=" ">
    <subfield code="0">0</subfield>
    <subfield code="1">0</subfield>
    <subfield code="2">ddc</subfield>
    <subfield code="4">0</subfield>
    <subfield code="7">0</subfield>
    <subfield code="8">TXB</subfield>
    <subfield code="a">CURAJ</subfield>
    <subfield code="b">CURAJ</subfield>
    <subfield code="c">CSE</subfield>
    <subfield code="d">2021-03-19</subfield>
    <subfield code="e">Indica Publisher </subfield>
    <subfield code="g">895.00</subfield>
    <subfield code="i">2020-21/0940/27-01-2021</subfield>
    <subfield code="l">1</subfield>
    <subfield code="o">004.22 H32C</subfield>
    <subfield code="p">35253</subfield>
    <subfield code="r">2024-10-25</subfield>
    <subfield code="s">2024-10-21</subfield>
    <subfield code="w">2021-03-19</subfield>
    <subfield code="y">BK</subfield>
  </datafield>
  <datafield tag="952" ind1=" " ind2=" ">
    <subfield code="0">0</subfield>
    <subfield code="1">0</subfield>
    <subfield code="2">ddc</subfield>
    <subfield code="4">0</subfield>
    <subfield code="7">0</subfield>
    <subfield code="8">TXB</subfield>
    <subfield code="a">CURAJ</subfield>
    <subfield code="b">CURAJ</subfield>
    <subfield code="c">CSE</subfield>
    <subfield code="d">2021-03-19</subfield>
    <subfield code="e">Indica Publisher </subfield>
    <subfield code="g">895.00</subfield>
    <subfield code="i">2020-21/0940/27-01-2021</subfield>
    <subfield code="o">004.22 H32C</subfield>
    <subfield code="p">35254</subfield>
    <subfield code="r">2021-03-19</subfield>
    <subfield code="w">2021-03-19</subfield>
    <subfield code="y">BK</subfield>
  </datafield>
  <datafield tag="952" ind1=" " ind2=" ">
    <subfield code="0">0</subfield>
    <subfield code="1">0</subfield>
    <subfield code="2">ddc</subfield>
    <subfield code="4">0</subfield>
    <subfield code="7">0</subfield>
    <subfield code="8">TXB</subfield>
    <subfield code="a">CURAJ</subfield>
    <subfield code="b">CURAJ</subfield>
    <subfield code="c">CSE</subfield>
    <subfield code="d">2021-03-24</subfield>
    <subfield code="e">Indica Publisher </subfield>
    <subfield code="g">895.00</subfield>
    <subfield code="i">2020-21/0940/27-01-2021</subfield>
    <subfield code="l">1</subfield>
    <subfield code="o">004.22 H32C</subfield>
    <subfield code="p">35255</subfield>
    <subfield code="r">2023-01-25</subfield>
    <subfield code="s">2023-01-12</subfield>
    <subfield code="w">2021-03-24</subfield>
    <subfield code="y">BK</subfield>
  </datafield>
  <datafield tag="952" ind1=" " ind2=" ">
    <subfield code="0">0</subfield>
    <subfield code="1">0</subfield>
    <subfield code="2">ddc</subfield>
    <subfield code="4">0</subfield>
    <subfield code="7">0</subfield>
    <subfield code="8">TXB</subfield>
    <subfield code="a">CURAJ</subfield>
    <subfield code="b">CURAJ</subfield>
    <subfield code="c">CSE</subfield>
    <subfield code="d">2021-03-24</subfield>
    <subfield code="e">Indica Publisher </subfield>
    <subfield code="g">895.00</subfield>
    <subfield code="i">2020-21/0940/27-01-2021</subfield>
    <subfield code="o">004.22 H32C</subfield>
    <subfield code="p">35256</subfield>
    <subfield code="r">2021-03-24</subfield>
    <subfield code="w">2021-03-24</subfield>
    <subfield code="y">BK</subfield>
  </datafield>
  <datafield tag="952" ind1=" " ind2=" ">
    <subfield code="0">0</subfield>
    <subfield code="1">0</subfield>
    <subfield code="2">ddc</subfield>
    <subfield code="4">0</subfield>
    <subfield code="7">0</subfield>
    <subfield code="8">TXB</subfield>
    <subfield code="a">CURAJ</subfield>
    <subfield code="b">CURAJ</subfield>
    <subfield code="c">CSE</subfield>
    <subfield code="d">2021-03-24</subfield>
    <subfield code="e">Indica Publisher </subfield>
    <subfield code="g">895.00</subfield>
    <subfield code="i">2020-21/0940/27-01-2021</subfield>
    <subfield code="o">004.22 H32C</subfield>
    <subfield code="p">35257</subfield>
    <subfield code="r">2021-03-24</subfield>
    <subfield code="w">2021-03-24</subfield>
    <subfield code="y">BK</subfield>
  </datafield>
  <datafield tag="952" ind1=" " ind2=" ">
    <subfield code="0">0</subfield>
    <subfield code="1">0</subfield>
    <subfield code="2">ddc</subfield>
    <subfield code="4">0</subfield>
    <subfield code="7">0</subfield>
    <subfield code="8">TXB</subfield>
    <subfield code="a">CURAJ</subfield>
    <subfield code="b">CURAJ</subfield>
    <subfield code="c">CSE</subfield>
    <subfield code="d">2021-03-24</subfield>
    <subfield code="e">Indica Publisher </subfield>
    <subfield code="g">895.00</subfield>
    <subfield code="i">2020-21/0940/27-01-2021</subfield>
    <subfield code="o">004.22 H32C</subfield>
    <subfield code="p">35258</subfield>
    <subfield code="r">2021-03-24</subfield>
    <subfield code="w">2021-03-24</subfield>
    <subfield code="y">BK</subfield>
  </datafield>
  <datafield tag="952" ind1=" " ind2=" ">
    <subfield code="0">0</subfield>
    <subfield code="1">0</subfield>
    <subfield code="2">ddc</subfield>
    <subfield code="4">0</subfield>
    <subfield code="7">0</subfield>
    <subfield code="8">TXB</subfield>
    <subfield code="a">CURAJ</subfield>
    <subfield code="b">CURAJ</subfield>
    <subfield code="c">CSE</subfield>
    <subfield code="d">2021-03-24</subfield>
    <subfield code="e">Indica Publisher </subfield>
    <subfield code="g">895.00</subfield>
    <subfield code="i">2020-21/0940/27-01-2021</subfield>
    <subfield code="o">004.22 H32C</subfield>
    <subfield code="p">35259</subfield>
    <subfield code="r">2021-03-24</subfield>
    <subfield code="w">2021-03-24</subfield>
    <subfield code="y">BK</subfield>
  </datafield>
  <datafield tag="952" ind1=" " ind2=" ">
    <subfield code="0">0</subfield>
    <subfield code="1">0</subfield>
    <subfield code="2">ddc</subfield>
    <subfield code="4">0</subfield>
    <subfield code="7">0</subfield>
    <subfield code="8">TXB</subfield>
    <subfield code="a">CURAJ</subfield>
    <subfield code="b">CURAJ</subfield>
    <subfield code="c">CSE</subfield>
    <subfield code="d">2021-03-24</subfield>
    <subfield code="e">Indica Publisher </subfield>
    <subfield code="g">895.00</subfield>
    <subfield code="i">2020-21/0940/27-01-2021</subfield>
    <subfield code="o">004.22 H32C</subfield>
    <subfield code="p">35260</subfield>
    <subfield code="r">2021-03-24</subfield>
    <subfield code="w">2021-03-24</subfield>
    <subfield code="y">BK</subfield>
  </datafield>
  <datafield tag="952" ind1=" " ind2=" ">
    <subfield code="0">0</subfield>
    <subfield code="1">0</subfield>
    <subfield code="2">ddc</subfield>
    <subfield code="4">0</subfield>
    <subfield code="7">0</subfield>
    <subfield code="8">TXB</subfield>
    <subfield code="a">CURAJ</subfield>
    <subfield code="b">CURAJ</subfield>
    <subfield code="c">CSE</subfield>
    <subfield code="d">2021-03-24</subfield>
    <subfield code="e">Indica Publisher </subfield>
    <subfield code="g">895.00</subfield>
    <subfield code="i">2020-21/0940/27-01-2021</subfield>
    <subfield code="o">004.22 H32C</subfield>
    <subfield code="p">35261</subfield>
    <subfield code="r">2021-03-24</subfield>
    <subfield code="w">2021-03-24</subfield>
    <subfield code="y">BK</subfield>
  </datafield>
</record>
